| 000 | 00544nam a22002057a 4500 | ||
|---|---|---|---|
| 001 | 00643 | ||
| 003 | KOHA_MİRAKIL | ||
| 005 | 20240914231535.0 | ||
| 008 | 240915b tu ||||| |||| 00| 0 tur d | ||
| 020 | _a9789751043320 | ||
| 040 |
_aTR-AnABB _btur _cTR-AnABB |
||
| 041 | _atur | ||
| 082 |
_a306.87 _bMAY 2022 |
||
| 100 | _aMaynes, Mary Jo | ||
| 245 | 0 |
_aAilenin tarihi / _cMary Jo Maynes Ann Waltner. |
|
| 260 |
_aİstanbul : _bİnkılap Yayınevi, _c2022. |
||
| 300 |
_a145 sayfa ; _c24 cm. |
||
| 650 | _aAile sosyolojisi | ||
| 942 |
_2ddc _cBK |
||
| 999 |
_c654 _d654 |
||